Študijný program VŠE v Bratislave Školský rok 1991-1992

Uložené v:
Podrobná bibliografia
Médium: Kniha
Jazyk:Slovak
Vydavateľské údaje: Bratislava VŠE 1991
Vydanie:1. vyd.
Tagy: Pridať tag
Žiadne tagy, Buďte prvý, kto otaguje tento záznam!

MARC

LEADER 00000nam a2200000 4500
001 c033473
005 20221214095016.7
041 0 |a slo 
044 |a SK 
245 1 0 |a Študijný program VŠE v Bratislave  |b Školský rok 1991-1992 
250 |a 1. vyd. 
264 1 |a Bratislava  |b VŠE  |c 1991 
300 |a 6 zošitov